| 000 | 01475ny a22003493n 4500 | ||
|---|---|---|---|
| 005 | 20240305165317.0 | ||
| 008 | 971215s1993 sp s 000 0 spa c | ||
| 017 | _aD.L. M17535-1993 | ||
| 020 | _a9788471302168 | ||
| 020 | _a9788471307774 | ||
| 035 | _a675 | ||
| 040 |
_aUCM.DER _dvLex |
||
| 080 | _a347(460) | ||
| 090 |
_c509 _d509 |
||
| 245 | 0 | 0 |
_aComentarios al Código civil y compilaciones forales _h[Recurso electrónico] _cdirigidos por Manuel Albaladejo, Silvia Díaz Alabart |
| 256 | _aServicio en línea | ||
| 260 |
_a[Madrid] : _bEDERSA, _cD.L. 1993 |
||
| 300 |
_aXIII, 545 p. ; _c23 cm |
||
| 500 | _aPrecede al tít.: Revista de Derecho Privado | ||
| 505 | 0 |
_tTomo VI, Artículos 430 a 466 / _rcomentados por Antonio Martín Pérez |
|
| 506 | 1 |
_aContenido solo disponible en los productos indicados _dvLex Global _dvLex Global (Academic Edition, excluding Law Schools) _dvLex Global (U.S. Academic Edition, Law Schools) _dvLex Global (U.S. Academic Edition, excluding Law Schools) _dvLex Global (Academic Edition, Law Schools) |
|
| 650 | 0 | 7 |
_aCivil _2Tesauro vLex |
| 650 | 0 | 7 |
_aCódigo civil _2Tesauro vLex |
| 650 | 0 | 7 |
_aPosesión _2Tesauro vLex |
| 650 | 0 | 7 |
_aInmobiliario y registral _2Tesauro vLex |
| 700 | 1 |
_aAlbaladejo García, Manuel, _edir |
|
| 700 | 1 |
_aDíaz Alabart, Silvia, _edir |
|
| 700 | 1 |
_aMartín Pérez, Antonio, _ecom |
|
| 740 | 0 | _avLex Libros (Servicios en línea) | |
| 856 | 4 | 0 | _uhttps://app.vlex.com/#/sources/675 |
| 942 | _cRAA | ||
| 999 |
_c159034 _d159034 |
||